000
00324nam a2200109Ia 4500
008
200302s9999 xx 000 0 und d
100
_a
Michael Winn
245
_a
Architectronics Revolutionary Technologies for Masterful Building Through Design
260
_b
Tata Mcgraw-Hill Book Co. Ltd.
260
_c
1987
300
_a
322 P.,
999
_c
1327
_d
1327